Soil not oil: (Record no. 35588)

MARC details
000 -LEADER
fixed length control field 00687nam a22001937a 4500
005 - DATE AND TIME OF LATEST TRANSACTION
control field 20100501142050.0
008 - FIXED-LENGTH DATA ELEMENTS--GENERAL INFORMATION
fixed length control field 080613t xxu||||| |||| 00| 0 eng d
020 ## - INTERNATIONAL STANDARD BOOK NUMBER
International Standard Book Number 9788188965553
Terms of availability 225.00
037 ## - SOURCE OF ACQUISITION
Source of stock number/acquisition PUB
040 ## - CATALOGING SOURCE
Original cataloging agency DPL
Language of cataloging EN
100 ## - MAIN ENTRY--PERSONAL NAME
Personal name Vandana shiva
245 ## - TITLE STATEMENT
Title Soil not oil:
Statement of responsibility, etc by Vandana Shiva
Remainder of title climate change, peak oil, and food insecurity /
260 ## - PUBLICATION, DISTRIBUTION, ETC. (IMPRINT)
Place of publication, distribution, etc New Delhi
Name of publisher, distributor, etc Women Unlimited
Date of publication, distribution, etc 2009
270 ## - ADDRESS
Address K-36, Hauz Khas Enclave, Ground Floor
City New Delhi
Postal code 110016
300 ## - PHYSICAL DESCRIPTION
Extent 156p. .
Dimensions 23 cm (pbk)
500 ## - GENERAL NOTE
General note Winner of the right Livehood Award 1993
942 ## - ADDED ENTRY ELEMENTS (KOHA)
Item type English Books
Source of classification or shelving scheme Dewey Decimal Classification
Call number suffix VAN
Holdings
Withdrawn status Lost status Source of classification or shelving scheme Damaged status Not for loan Home library Current library Date acquired Cost, normal purchase price Total Checkouts Full call number Date last seen Cost, replacement price Koha item type
    Dewey Decimal Classification   Ordered Andrews Gunj Andrews Gunj 01/05/2010 225.00   VAN 01/05/2010 225.00 English Books

© Delhi Public Library
Hit Counter
free hit counter